| 000 | 00533nam a22001937a 4500 | ||
|---|---|---|---|
| 003 | OSt | ||
| 005 | 20250818040702.0 | ||
| 008 | 250818b |||||||| |||| 00| 0 eng d | ||
| 020 | _a978-971-0445-34-9. | ||
| 040 |
_aDWC-Main Lib. _cOC |
||
| 082 | _aFil. | ||
| 100 | _aSIRUG, WINSTON S. | ||
| 245 |
_aCollege algebra/ _cSIRUG, WINSTON S. |
||
| 260 |
_aManila : _bMindshapers Co., Inc., _cc2008. |
||
| 300 |
_ax, 396 p. : _bill. ; _c25 cm. |
||
| 504 | _aIncludes index. | ||
| 650 | _aAlgebra. | ||
| 942 |
_2ddc _cBK - FIL _hFil. _n0 |
||
| 999 |
_c3999 _d3999 |
||